00799nam a2200217 a 450000100100000000500170001000800410002704000250006808200180009324500910011126000720020230000350027444000550030950000310036450000420039565100300043765100350046765000240050265000210052670000340054700000555620250526113050.0090820s2005 es ac 001 0 spa d aDO-SdBNPbspacBNPHU a361.61bA188s00aActores sociales y reformas del bienestar /cGregorio Rodríguez Cabrero ...[et al.]. aMadrid :bConsejo Superior de Investigaciones Científicas,c2005. a194 p. :bil., retrs ;c24 cm. 0aPoliteya : Estudios de política y sociedad ;v24 aIncluye tabla de contenido aIncluye referencias bibliográficas. 4aEspañaxPolitica Social 4aEspañaxCondiciones Sociales 0aFondo de pensiones  0aSeguridad social1 aRodríguez Cabrero, Gregorio